Normal view
MARC view
Entry Topical Term
001 - CONTROL NUMBER
- control field: 45965
003 - CONTROL NUMBER IDENTIFIER
- control field: ARRUPE
005 - DATE AND TIME OF LATEST TRANSACTION
- control field: 20190425113402.0
008 - FIXED-LENGTH DATA ELEMENTS
- fixed length control field: 190425|| aca||aabn | a|a d
040 ## - CATALOGING SOURCE
- Original cataloging agency: ARRUPE
- Transcribing agency: ARRUPE
150 ## - HEADING--TOPICAL TERM
- Topical term or geographic name as entry element: Spanish language
- General subdivision: self instruction
670 ## - SOURCE DATA FOUND
- Source citation: Work cat.: (ARRUPE): Madrigal, Margarita 45964, See it and say it in Spanish , 1961.